Capacity building and institutional development in higher education in Kenya : (Record no. 12883)
[ view plain ]
| 000 -LEADER | |
|---|---|
| fixed length control field | 00693cam a22002052 4500 |
| 001 - CONTROL NUMBER | |
| control field | 0000003601 |
| 005 - DATE AND TIME OF LATEST TRANSACTION | |
| control field | 20151217155824.0 |
| 008 - FIXED-LENGTH DATA ELEMENTS--GENERAL INFORMATION | |
| fixed length control field | 070510s xx 000 0 eng d |
| 040 ## - CATALOGING SOURCE | |
| Original cataloging agency | KABU |
| Transcribing agency | KABU |
| 050 #0 - LIBRARY OF CONGRESS CALL NUMBER | |
| Classification number | LB2329.6 |
| Item number | .K4W36 |
| 100 1# - MAIN ENTRY--PERSONAL NAME | |
| Personal name | Wandiga, Shem Oyoo. |
| -- | 0000153625 |
| 245 10 - TITLE STATEMENT | |
| Title | Capacity building and institutional development in higher education in Kenya : |
| Remainder of title | a case study of Public Universities Investment Project (1991-1994) / |
| 260 ## - PUBLICATION, DISTRIBUTION, ETC. (IMPRINT) | |
| Place of publication, distribution, etc. | Paris : |
| Name of publisher, distributor, etc. | Unesco, |
| Date of publication, distribution, etc. | 1997. |
| 300 ## - PHYSICAL DESCRIPTION | |
| Extent | 169 p. |
| 500 ## - GENERAL NOTE | |
| General note | Photocopy. |
| 650 #0 - SUBJECT ADDED ENTRY--TOPICAL TERM | |
| Topical term or geographic name as entry element | Public Universities and Colleges |
| Geographic subdivision | Kenya. |
| -- | 0000153626 |
| 908 ## - PUT COMMAND PARAMETER (RLIN) | |
| Put command parameter | 070510 |
| 950 ## - LOCAL HOLDINGS (RLIN) | |
| -- | 1 |
| Withdrawn status | Lost status | Source of classification or shelving scheme | Not for loan | Home library | Current library | Date acquired | Total Checkouts | Full call number | Date last seen | Price effective from | Koha item type |
|---|---|---|---|---|---|---|---|---|---|---|---|
| Library of Congress Classification | Kabarak, Main Campus | Kabarak, Main Campus | 17/12/2015 | LB2329.6 .K4W36 | 17/12/2015 | 17/12/2015 | Africana Collection |